موسوعة سفير للتاريخ الإسلامي / (رقم التسجيلة. 43586)
[ عرض عادي ]
| 000 -LEADER | |
|---|---|
| fixed length control field | 00780nam a22002297a 4500 |
| 005 - DATE AND TIME OF LATEST TRANSACTION | |
| control field | 20251108170549.0 |
| 008 - FIXED-LENGTH DATA ELEMENTS--GENERAL INFORMATION | |
| fixed length control field | 250721s1996 xx 000 0 ara d |
| 082 14 - DEWEY DECIMAL CLASSIFICATION NUMBER | |
| Classification number | ط/م/956/موس |
| 100 1# - MAIN ENTRY--PERSONAL NAME | |
| Personal name | عبد اللطيف، عبد الشافي محمد |
| 245 10 - TITLE STATEMENT | |
| Title | موسوعة سفير للتاريخ الإسلامي / |
| 264 1# - PRODUCTION, PUBLICATION, DISTRIBUTION, MANUFACTURE, AND COPYRIGHT NOTICE | |
| Place of production, publication, distribution, manufacture | القاهرة : |
| Name of producer, publisher, distributor, manufacturer | شركة سفير، |
| Date of production, publication, distribution, manufacture, or copyright notice | 1996. |
| 300 ## - PHYSICAL DESCRIPTION | |
| Extent | 10ج |
| 650 17 - SUBJECT ADDED ENTRY--TOPICAL TERM | |
| Topical term or geographic name as entry element | تاريخ العرب |
| 650 17 - SUBJECT ADDED ENTRY--TOPICAL TERM | |
| Topical term or geographic name as entry element | الخلفاء الراشدون 661- 632 |
| 650 17 - SUBJECT ADDED ENTRY--TOPICAL TERM | |
| Topical term or geographic name as entry element | الأمويون 661-750 |
| 650 17 - SUBJECT ADDED ENTRY--TOPICAL TERM | |
| Topical term or geographic name as entry element | العباسيون 750-1258 |
| 650 17 - SUBJECT ADDED ENTRY--TOPICAL TERM | |
| Topical term or geographic name as entry element | التاريخ الإسلامي السيرة النبوية |
| 700 1# - ADDED ENTRY--PERSONAL NAME | |
| Personal name | حسن، حسن علي |
| 700 1# - ADDED ENTRY--PERSONAL NAME | |
| Personal name | سالم، عبد الرحمن |
| 942 ## - ADDED ENTRY ELEMENTS (KOHA) | |
| Source of classification or shelving scheme | Dewey Decimal Classification |
| Koha item type | كتب |
| حالة السحب | حالة الفقدان | مصدر التصنيف | حالة التلف | غير قابل للإعارة | المكتبة الرئيسية | المكتبة الحالية | موقع الرف | تاريخ التزويد | الرقم المتسلسل | Total Checkouts | رقم الإستدعاء | الباركود | تاريخ آخر ظهور | تاريخ الفاتورة | نوع المادة (كوها) |
|---|---|---|---|---|---|---|---|---|---|---|---|---|---|---|---|
| Dewey Decimal Classification | المكتبة المركزية | المكتبة المركزية | الأطفال | 06/07/2004 | ج1-388629 | ط/م/956/موس | ج1-388629 | 28/07/2025 | 06/07/2004 | كتب | |||||
| Dewey Decimal Classification | المكتبة المركزية | المكتبة المركزية | الأطفال | 06/07/2004 | ج2-388631 | ط/م/956/موس | ج2-388631 | 28/07/2025 | 06/07/2004 | كتب | |||||
| Dewey Decimal Classification | المكتبة المركزية | المكتبة المركزية | الأطفال | 06/07/2004 | ج3-388633 | ط/م/956/موس | ج3-388633 | 28/07/2025 | 06/07/2004 | كتب | |||||
| Dewey Decimal Classification | المكتبة المركزية | المكتبة المركزية | الأطفال | 06/07/2004 | ج4-388635 | ط/م/956/موس | ج4-388635 | 28/07/2025 | 06/07/2004 | كتب | |||||
| Dewey Decimal Classification | المكتبة المركزية | المكتبة المركزية | الأطفال | 06/07/2004 | ج5-388637 | ط/م/956/موس | ج5-388637 | 28/07/2025 | 06/07/2004 | كتب | |||||
| Dewey Decimal Classification | المكتبة المركزية | المكتبة المركزية | الأطفال | 06/07/2004 | ج6-388639 | ط/م/956/موس | ج6-388639 | 28/07/2025 | 06/07/2004 | كتب | |||||
| Dewey Decimal Classification | المكتبة المركزية | المكتبة المركزية | الأطفال | 06/07/2004 | ج8-388643 | ط/م/956/موس | ج8-388643 | 28/07/2025 | 06/07/2004 | كتب | |||||
| Dewey Decimal Classification | المكتبة المركزية | المكتبة المركزية | الأطفال | 06/07/2004 | ج9-388645 | ط/م/956/موس | ج9-388645 | 28/07/2025 | 06/07/2004 | كتب | |||||
| Dewey Decimal Classification | المكتبة المركزية | المكتبة المركزية | الأطفال | 06/07/2004 | ج10-388647 | ط/م/956/موس | ج10-388647 | 28/07/2025 | 06/07/2004 | كتب |